书目信息 |
| 题名: |
吟诵与诗教
|
|
| 作者: | 陈向春 著 | |
| 分册: | ||
| 出版信息: | 长春 东北师范大学出版社 2015.4 |
|
| 页数: | 442页 | |
| 开本: | 23cm | |
| 丛书名: | 东北师范大学文库 | |
| 单 册: | ||
| 中图分类: | H119 | |
| 科图分类: | ||
| 主题词: | 古典诗歌--Gu Dian Shi Ge--朗诵--研究--中国 , 朗诵--Lang Song , 研究--Yan Jiu , 中国--Zhong Guo | |
| 电子资源: | ||
| ISBN: | 978-7-5602-9053-9 | |
| 000 | 01307nam0 22003131 450 | |
| 001 | 350868 | |
| 005 | 20161012092752.59 | |
| 010 | @a978-7-5602-9053-9@dCNY79.00 | |
| 100 | @a20150616d2015 em y0chiy50 ea | |
| 101 | 0 | @achi |
| 102 | @aCN@b220000 | |
| 105 | @ay z 000yy | |
| 106 | @ar | |
| 200 | 1 | @a吟诵与诗教@AYin Song Yu Shi Jiao@f陈向春著 |
| 205 | @a2版 | |
| 210 | @a长春@c东北师范大学出版社@d2015.4 | |
| 215 | @a442页@d23cm | |
| 225 | 2 | @a东北师范大学文库@ADong Bei Shi Fan Da Xue Wen Ku |
| 300 | @a东北师范大学图书出版基金项目 教育部社科基金课题《大视野之下的中国传统诗教研究》结项成果之一 2013年度东北师范大学图书出版基金规划项目 5 | |
| 330 | @a本书是基于作者长期的中华古诗词研究与教学积累的成果,在内容安排与章节设计上,更偏重于吟诵的基础知识学习和体验性自学。力求以富有启迪性的表述和明确的学习步骤安排,包括教学应用性的建议让学习者理解、体验和运用传统的吟诵古法,并借助本教程基本掌握传统吟诵的基本技能,成为传承中华诗词文化的一位“吟者”和“传人”。 | |
| 461 | 0 | @12001 @a东北师范大学文库 |
| 606 | 0 | @a古典诗歌@AGu Dian Shi Ge@x朗诵@x研究@y中国 |
| 606 | 0 | @a朗诵@ALang Song |
| 606 | 0 | @a研究@AYan Jiu |
| 606 | 0 | @a中国@AZhong Guo |
| 690 | @aH119@v5 | |
| 701 | 0 | @a陈向春@AChen Xiang Chun@f(1952~)@4著 |
| 801 | 0 | @aCN@bTANGWEI@c20160808 |
| 905 | @b0892183-6@dH119@e115=2@f4 | |
| 吟诵与诗教/陈向春著.-2版.-长春:东北师范大学出版社,2015.4 |
| 442页;23cm.-(东北师范大学文库) |
| 东北师范大学图书出版基金项目 教育部社科基金课题《大视野之下的中国传统诗教研究》结项成果之一 2013年度东北师范大学图书出版基金规划项目 5 |
| ISBN 978-7-5602-9053-9:CNY79.00 |
| 本书是基于作者长期的中华古诗词研究与教学积累的成果,在内容安排与章节设计上,更偏重于吟诵的基础知识学习和体验性自学。力求以富有启迪性的表述和明确的学习步骤安排,包括教学应用性的建议让学习者理解、体验和运用传统的吟诵古法,并借助本教程基本掌握传统吟诵的基本技能,成为传承中华诗词文化的一位“吟者”和“传人”。 |
| ● |
| 相关链接 |
|
|
|
|
正题名:吟诵与诗教
索取号:H119/115=2
 
预约/预借
| 序号 | 登录号 | 条形码 | 馆藏地/架位号 | 状态 | 备注 |
| 1 | 0892183 | 208921835 | 第二样本阅览室/ [索取号:H119/115=2] | 在馆 | |
| 2 | 0892184 | 208921844 | 第四借阅区/ [索取号:H119/115=2] | 在馆 | |
| 3 | 0892185 | 208921853 | 第四借阅区/ [索取号:H119/115=2] | 在馆 | |
| 4 | 0892186 | 208921862 | 第四借阅区/ [索取号:H119/115=2] | 在馆 |